[Event "Russian Championship G15 2016"]
[Site "Loo"]
[Date "2016.04.21"]
[Round "2.18"]
[White "Smagina, Sofya"]
[Black "Shevchuk, Margarita"]
[Result "0-1"]
[WhiteElo "1800"]
[BlackElo "1636"]
[PlyCount "120"]
[EventDate "2016.04.20"]

1. Nf3 d6 2. d4 Bg4 3. g3 Bxf3 4. exf3 Nd7 5. Bg2 d5 6. O-O e6 7. f4 Ngf6 8.
Re1 Be7 9. b3 O-O 10. Bb2 c5 11. c4 dxc4 12. bxc4 cxd4 13. Bxd4 Qc7 14. Qb3 Nc5
15. Bxc5 Bxc5 16. Nd2 Rfd8 17. Ne4 Nxe4 18. Bxe4 Rd2 19. Rf1 Bb6 20. Rad1 Rad8
21. Rxd2 Rxd2 22. Qb4 Rd4 23. Qb1 g6 24. Bxb7 Rxc4 25. Be4 Qc5 26. Bd3 Rb4 27.
Qc2 Qd4 28. Qe2 Rb2 29. Qf3 Rxa2 30. Be4 Rd2 31. h4 a5 32. h5 a4 33. h6 Bc5 34.
Rb1 Qxf2+ 35. Qxf2 Bxf2+ 36. Kf1 f5 37. Rb8+ Kf7 38. Rb7+ Kf6 39. Bc6 Bxg3 40.
Bxa4 Bxf4 41. Rb6 Bxh6 42. Bb3 Bf4 43. Rxe6+ Kg5 44. Re7 h6 45. Rg7 Be5 46. Rg8
f4 47. Bf7 Rd6 48. Kf2 h5 49. Bc4 h4 50. Re8 Bd4+ 51. Kf3 h3 52. Bf1 h2 53. Kg2
Bg1 54. Re5+ Kh4 55. Re4 Rd2+ 56. Kh1 g5 57. Bg2 Kg3 58. Re5 g4 59. Ra5 Rd1 60.
Ra3+ Be3+ 0-1

[Event "Russian Championship G15 2016"]
[Site "Loo"]
[Date "2016.04.21"]
[Round "2.19"]
[White "Zaitseva, Lyudmila"]
[Black "Grubova, Sofia"]
[Result "1-0"]
[WhiteElo "1750"]
[BlackElo "1630"]
[PlyCount "93"]
[EventDate "2016.04.20"]

1. d4 Nf6 2. c4 g6 3. Nc3 Bg7 4. e4 d6 5. f3 O-O 6. Be3 e5 7. d5 Nbd7 8. Nge2
b6 9. Qd2 Bb7 10. g4 Nc5 11. Ng3 Qe7 12. h4 c6 13. h5 cxd5 14. cxd5 Rfe8 15.
O-O-O a5 16. h6 Bh8 17. Bg5 Qc7 18. Kb1 Ba6 19. Bxa6 Rxa6 20. Qh2 Nfd7 21. Nb5
Qb8 22. Rhg1 a4 23. Rd2 Ra5 24. Na3 b5 25. Rdg2 Nd3 26. Nf5 f6 27. Bd2 Ra6 28.
g5 Kf7 29. Ng7 Rg8 30. Qh3 Nf8 31. gxf6 b4 32. Nc4 Qc7 33. Ne3 Nf4 34. Qh4 Nxg2
35. Rxg2 b3 36. a3 Ra7 37. Bc3 Nd7 38. Qg4 Nc5 39. Nef5 Kxf6 40. f4 Nxe4 41.
fxe5+ dxe5 42. Qxe4 gxf5 43. Qxf5+ Ke7 44. Qe6+ Kd8 45. Qxg8+ Kd7 46. Qe6+ Kd8
47. Qe8# 1-0

[Event "Russian Championship G15 2016"]
[Site "Loo"]
[Date "2016.04.21"]
[Round "2.20"]
[White "Yakushina, Ekaterina"]
[Black "Chemborisova, Elina"]
[Result "1-0"]
[WhiteElo "1637"]
[BlackElo "1738"]
[PlyCount "97"]
[EventDate "2016.04.20"]

1. d4 Nf6 2. Bf4 e6 3. e3 b6 4. Nf3 Bb7 5. c3 Be7 6. h3 d6 7. Bd3 Nbd7 8. Nbd2
e5 9. dxe5 dxe5 10. Bxe5 Nxe5 11. Nxe5 Bxg2 12. Rg1 Qd5 13. Ndf3 Bxf3 14. Qxf3
Qxf3 15. Nxf3 O-O 16. O-O-O g6 17. Nd4 Nd7 18. Be4 Rae8 19. Bc6 Rd8 20. Nf5 Bd6
21. Nxd6 Ne5 22. Nb5 Nxc6 23. Nxc7 Ne5 24. Nd5 Kg7 25. Kc2 Nf3 26. Rg3 Nh4 27.
Rg4 Nf3 28. Rf4 Ne5 29. Re4 Nc6 30. Rg4 Rd7 31. Rgg1 Ne5 32. Nb4 Rfd8 33. Rxd7
Rxd7 34. Rd1 Rxd1 35. Kxd1 Nf3 36. Nd5 Ng1 37. c4 Nxh3 38. Ke2 Ng5 39. b4 Ne6
40. Kf3 h5 41. Nc3 Kf6 42. Nb5 a6 43. Nd6 Nf8 44. c5 bxc5 45. Ne4+ Ke5 46. Nxc5
a5 47. bxa5 Kd6 48. a6 h4 49. a7 1-0

[Event "Russian Championship G15 2016"]
[Site "Loo"]
[Date "2016.04.21"]
[Round "2.21"]
[White "Trofimova, Angelina"]
[Black "Eliseeva, Maia"]
[Result "1/2-1/2"]
[WhiteElo "1635"]
[BlackElo "1729"]
[PlyCount "175"]
[EventDate "2016.04.20"]

1. e4 c6 2. d4 d5 3. Nc3 dxe4 4. Nxe4 Nf6 5. Nc3 Bf5 6. Bf4 e6 7. a3 Be7 8. Nf3
O-O 9. h3 Nbd7 10. Bd3 Bxd3 11. Qxd3 Nb6 12. O-O Nbd5 13. Nxd5 Nxd5 14. Bg3 Bf6
15. c3 Ne7 16. Rad1 Qb6 17. Qe2 Rad8 18. Be5 Bxe5 19. Nxe5 Ng6 20. Nxg6 hxg6
21. Rd2 Rd7 22. Rfd1 Rfd8 23. b4 Qc7 24. Qe3 Rd6 25. Qg3 Qd7 26. Re1 b6 27.
Rde2 Rd5 28. Re5 Qb7 29. Qh4 R8d7 30. f4 Qa6 31. Kh2 Qxa3 32. R1e3 Qb2 33. Rg3
a5 34. bxa5 bxa5 35. f5 Rxe5 36. dxe5 exf5 37. Qg5 Qb3 38. h4 Qe6 39. h5 c5 40.
hxg6 Qxg6 41. Qxg6 fxg6 42. Rxg6 Rd5 43. Ra6 Rxe5 44. Rxa5 Kf7 45. Kg3 g5 46.
Kf3 Ke6 47. c4 Kd7 48. Ra7+ Ke6 49. Ra6+ Kf7 50. Ra7+ Kg6 51. Ra6+ Kg7 52. Ra7+
Kf6 53. Ra6+ Re6 54. Ra5 Rc6 55. g3 Ke5 56. Ke3 Rc7 57. Rb5 Rc8 58. Ra5 Kd6 59.
Ra6+ Rc6 60. Ra8 Rb6 61. Rd8+ Ke6 62. Rd5 Rc6 63. Kf3 Kf6 64. Ke3 Re6+ 65. Kf3
g4+ 66. Kf2 Re5 67. Rd6+ Ke7 68. Rc6 Kd7 69. Rf6 Kc7 70. Rg6 Re4 71. Rf6 Rxc4
72. Rxf5 Kb6 73. Ke3 Rc3+ 74. Kf4 Rc4+ 75. Ke3 Kb5 76. Rg5 Kb4 77. Kd2 Rd4+ 78.
Kc2 Kc4 79. Rg8 Re4 80. Kd2 Kb5 81. Rb8+ Kc4 82. Rg8 Kb3 83. Rb8+ Rb4 84. Rg8
c4 85. Rc8 Kb2 86. Rc7 c3+ 87. Rxc3 Rd4+ 88. Rd3 1/2-1/2

[Event "Russian Championship G15 2016"]
[Site "Loo"]
[Date "2016.04.21"]
[Round "2.22"]
[White "Mavrova, Kseniya"]
[Black "Granovskaya, Ekaterina"]
[Result "1-0"]
[WhiteElo "1727"]
[BlackElo "1602"]
[PlyCount "83"]
[EventDate "2016.04.20"]

1. d4 d5 2. c4 e6 3. Nf3 Nf6 4. Nc3 Be7 5. e3 O-O 6. Qc2 c5 7. b3 Nc6 8. cxd5
exd5 9. Be2 g6 10. a3 Bf5 11. Bd3 Bxd3 12. Qxd3 Re8 13. O-O cxd4 14. Nxd4 Bf8
15. Bb2 Bg7 16. Rab1 Rc8 17. Nf3 Re7 18. Rfd1 Rd7 19. Ne2 Qe7 20. h3 Rcd8 21.
Ned4 Ne4 22. Rdc1 Rc7 23. b4 a6 24. Rc2 Nd6 25. Rd1 Rdd7 26. Nxc6 bxc6 27. Bxg7
Kxg7 28. Qd4+ f6 29. Rdc1 Nc4 30. Rc3 Rd6 31. Nd2 Ne5 32. Rd1 Rcd7 33. Nb3 Nc4
34. Nc5 Rd8 35. Rdc1 Ra8 36. Rd1 Rad8 37. Nxa6 Qb7 38. Nc5 Qb5 39. Ra1 Ra8 40.
Rb3 Nb6 41. Qf4 Rdd8 42. Ne6+ 1-0

[Event "Russian Championship G15 2016"]
[Site "Loo"]
[Date "2016.04.21"]
[Round "2.23"]
[White "Tukaeva, Aida"]
[Black "Titievskaya, Elizaveta"]
[Result "0-1"]
[WhiteElo "1572"]
[BlackElo "1725"]
[PlyCount "92"]
[EventDate "2016.04.20"]

1. e4 e5 2. Nf3 Nc6 3. d4 exd4 4. Nxd4 g6 5. Be3 Bg7 6. Be2 d6 7. O-O Nge7 8.
c3 O-O 9. f4 f5 10. Bc4+ Kh8 11. Bd3 Nxd4 12. Bxd4 Bxd4+ 13. cxd4 fxe4 14. Bxe4
d5 15. Bc2 Bf5 16. Nd2 Bxc2 17. Qxc2 Nf5 18. Qc3 Qd6 19. Rae1 Ng7 20. Re5 Nh5
21. Qe3 Ng7 22. Nf3 Rae8 23. Ng5 Rxe5 24. fxe5 Rxf1+ 25. Kxf1 Qe7 26. e6 Kg8
27. Qe5 h6 28. Nf7 Qxe6 29. Nxh6+ Kh7 30. Qg5 Qa6+ 31. Kg1 Qxa2 32. Ng4 Qb1+
33. Kf2 Qxb2+ 34. Kf1 Qb1+ 35. Kf2 Qc2+ 36. Kg1 Qd1+ 37. Kf2 Qxd4+ 38. Kf1 Qd3+
39. Kg1 Qb1+ 40. Kf2 Qf5+ 41. Qxf5 Nxf5 42. Nf6+ Kh6 43. Nxd5 c5 44. g4 Nd6 45.
h4 b5 46. g5+ Kg7 0-1

[Event "Russian Championship G15 2016"]
[Site "Loo"]
[Date "2016.04.21"]
[Round "2.24"]
[White "Beshukova, Alina"]
[Black "Gomzina, Alisa"]
[Result "1-0"]
[WhiteElo "1716"]
[BlackElo "1392"]
[PlyCount "97"]
[EventDate "2016.04.20"]

1. Nf3 d5 2. d4 Nf6 3. c4 e6 4. Nc3 Nbd7 5. e3 c6 6. Bd3 Be7 7. O-O O-O 8. b3
Bb4 9. Bb2 Be7 10. Qc2 b6 11. Rfd1 Qc7 12. Rac1 Ba6 13. cxd5 Bxd3 14. Rxd3 exd5
15. Nb5 Qb7 16. Qxc6 Qxc6 17. Rxc6 Rfc8 18. Rxc8+ Rxc8 19. Nxa7 Rc2 20. Rd2
Rxd2 21. Nxd2 Bb4 22. Nf3 Ne4 23. Nc6 Bd6 24. Ne1 Kf8 25. Nd3 Ke8 26. f3 Nef6
27. a4 g5 28. b4 h5 29. a5 bxa5 30. bxa5 h4 31. Nc5 Kf8 32. Na4 Ke8 33. a6 Nb8
34. a7 Nxc6 35. a8=Q+ Nd8 36. e4 dxe4 37. fxe4 Bf4 38. Nc5 Be3+ 39. Kf1 Ng4 40.
h3 Nf6 41. Bc3 Bf4 42. Ba5 Kf8 43. Qxd8+ Kg7 44. Qe7 Kg6 45. d5 Ng8 46. Qf8 Nf6
47. Bc3 Be3 48. Bxf6 Kxf6 49. Nd7+ 1-0

[Event "Russian Championship G15 2016"]
[Site "Loo"]
[Date "2016.04.21"]
[Round "2.25"]
[White "Krivonos, Kristina"]
[Black "Buchina, Polina"]
[Result "0-1"]
[WhiteElo "1367"]
[BlackElo "1711"]
[PlyCount "106"]
[EventDate "2016.04.20"]

1. e4 c5 2. Nc3 d6 3. g3 g6 4. Bg2 Bg7 5. d3 e6 6. Be3 Nc6 7. Qd2 Rb8 8. Nd1 h5
9. c3 Nge7 10. d4 cxd4 11. cxd4 d5 12. e5 Nf5 13. f4 b6 14. Ne2 Ba6 15. Bf3 Qe7
16. a3 Na5 17. Qc2 Qd7 18. b4 Rc8 19. Nec3 Nc4 20. Bf2 Rc7 21. Be2 O-O 22. a4
Rfc8 23. b5 Bb7 24. g4 hxg4 25. Bxg4 Nfe3 26. Bxe3 Nxe3 27. Nxe3 Rxc3 28. Qd2
Qe7 29. O-O Bf8 30. Rfc1 Qb4 31. Rxc3 Rxc3 32. Bd1 Bh6 33. Rc1 Rb3 34. Qxb4
Rxb4 35. Rc7 Rxd4 36. Be2 Bxf4 37. Ng4 Kg7 38. Rxb7 Rxa4 39. Kf2 Ra3 40. Rd7
Bd2 41. Bf1 Ra2 42. Be2 Bc3 43. h3 Bd4+ 44. Kg3 Rxe2 45. Rxa7 Rb2 46. Ra3 Rxb5
47. Rd3 Bc5 48. Nf6 Ra5 49. Rc3 Bd4 50. Ne8+ Kf8 51. Rc8 Bxe5+ 52. Kg4 Ke7 53.
Nc7 Rc5 0-1

[Event "Russian Championship B11 1st league 2016"]
[Site "Loo"]
[Date "2016.04.21"]
[Round "2.1"]
[White "Pushkin, Vasiliy"]
[Black "Tretyakov, Vladimir"]
[Result "1/2-1/2"]
[WhiteElo "1370"]
[BlackElo "1809"]
[PlyCount "135"]
[EventDate "2016.04.20"]

1. d4 d5 2. c4 e6 3. Nc3 Nf6 4. Bg5 Be7 5. e3 Nbd7 6. Nf3 O-O 7. Bd3 dxc4 8.
Bxc4 a6 9. a4 Nb6 10. Bd3 h6 11. Bf4 Nbd5 12. Bg3 c5 13. dxc5 Nxc3 14. bxc3 Qa5
15. Qc2 Bd7 16. O-O Qxc5 17. Rfb1 Bc6 18. Be2 Rfd8 19. Rd1 Be4 20. Qb3 Rac8 21.
Rxd8+ Rxd8 22. h3 Rc8 23. Rc1 Qa3 24. Qxa3 Bxa3 25. Rd1 Rxc3 26. Rd8+ Kh7 27.
Ne5 Be7 28. Rd4 Kg8 29. Bf3 Bxf3 30. Nxf3 Rc1+ 31. Kh2 b5 32. axb5 axb5 33. Bd6
Bxd6+ 34. Rxd6 b4 35. Rb6 Rb1 36. Ne5 b3 37. Rb8+ Kh7 38. Nxf7 b2 39. g4 Nd7
40. Rb7 Nc5 41. Rb8 Nd3 42. g5 Rf1 43. Ne5 Nxe5 44. Rxb2 Nd3 45. Rb3 Rxf2+ 46.
Kg3 Rd2 47. gxh6 gxh6 48. Rb6 Nc5 49. Rc6 Rd5 50. Rc7+ Kg6 51. Kf3 Nd7 52. Rc1
Nf6 53. Rg1+ Rg5 54. Ra1 Kh5 55. Ra4 e5 56. Ra6 Rg6 57. Ra5 Rg5 58. Ra6 e4+ 59.
Kf4 Rg1 60. Rxf6 Rf1+ 61. Ke5 Rxf6 62. Kxf6 Kh4 63. Kf5 Kxh3 64. Kxe4 Kg4 65.
Kd4 h5 66. e4 h4 67. e5 Kf5 68. Ke3 1/2-1/2

[Event "Russian Championship B11 1st league 2016"]
[Site "Loo"]
[Date "2016.04.21"]
[Round "2.2"]
[White "Danchenko, Artemiy"]
[Black "Godzhurov, Lidzhi"]
[Result "1-0"]
[WhiteElo "1770"]
[BlackElo "1368"]
[PlyCount "63"]
[EventDate "2016.04.20"]

1. e4 e5 2. Nf3 Nc6 3. d4 exd4 4. Nxd4 Bc5 5. Nxc6 bxc6 6. Bd3 Ne7 7. O-O O-O
8. Nc3 d5 9. exd5 cxd5 10. Re1 Bb7 11. Bf4 Ng6 12. Bg3 f5 13. h3 d4 14. Nb1 f4
15. Bh2 Qg5 16. Be4 Bxe4 17. Rxe4 f3 18. Rg4 Qh5 19. Rg3 Rae8 20. Nd2 Nf4 21.
Rxf3 Ne2+ 22. Kh1 Rxf3 23. Nxf3 d3 24. Qxd3 Bxf2 25. Qc4+ Kh8 26. Qxc7 Qg6 27.
Ne5 Qf5 28. Qc4 h6 29. Qxe2 Bd4 30. Re1 Kg8 31. Qc4+ Kf8 32. Qxd4 1-0

[Event "Russian Championship B11 1st league 2016"]
[Site "Loo"]
[Date "2016.04.21"]
[Round "2.3"]
[White "Maslov, Dmitrij"]
[Black "Ionochkin, Maksim"]
[Result "1/2-1/2"]
[WhiteElo "1358"]
[BlackElo "1761"]
[PlyCount "80"]
[EventDate "2016.04.20"]

1. e4 c6 2. d4 d5 3. Nd2 dxe4 4. Nxe4 Bf5 5. Ng3 Bg6 6. Nf3 Nd7 7. Be2 e6 8.
O-O Ngf6 9. Bf4 Be7 10. c4 Qb6 11. b3 c5 12. Re1 O-O 13. Rf1 cxd4 14. Bd3 Bc5
15. Bxg6 hxg6 16. Be5 Nxe5 17. Nxe5 Qd6 18. Nd3 e5 19. Qe1 a5 20. Qxe5 Qxe5 21.
Nxe5 Rfe8 22. Nd3 b6 23. Rfe1 Kf8 24. Kf1 Ng4 25. h3 Nf6 26. f3 Bd6 27. Ne4
Nxe4 28. fxe4 f6 29. g4 g5 30. Kf2 Ra7 31. Rad1 Rd7 32. Rd2 Bb4 33. Nxb4 axb4
34. Kf3 Kf7 35. Red1 Red8 36. Re1 Re8 37. Rd3 Kg6 38. Rd2 Kf7 39. Ra1 Ra8 40.
Rd3 Ke6 1/2-1/2

[Event "Russian Championship B11 1st league 2016"]
[Site "Loo"]
[Date "2016.04.21"]
[Round "2.4"]
[White "Kuzmin, Roman"]
[Black "Grachev, Egor"]
[Result "1-0"]
[WhiteElo "1756"]
[BlackElo "1358"]
[PlyCount "81"]
[EventDate "2016.04.20"]

1. e4 c6 2. d4 d5 3. Nc3 dxe4 4. Nxe4 Nf6 5. Nxf6+ exf6 6. Nf3 Bg4 7. Be2 Bd6
8. O-O O-O 9. b3 Nd7 10. Bb2 Qc7 11. h3 Bf5 12. c4 b6 13. Nh4 Be6 14. d5 cxd5
15. cxd5 Bxh3 16. gxh3 Bh2+ 17. Kh1 Rfe8 18. Rc1 Qb8 19. Bb5 Rd8 20. Bc6 Qf4
21. Ng2 Qd6 22. Bxa8 Rxa8 23. Rc6 Qb8 24. f4 Bg3 25. Qg4 Ne5 26. fxe5 Bxe5 27.
Bxe5 fxe5 28. Qd7 Qf8 29. Rc7 Rd8 30. Qxf7+ Qxf7 31. Rfxf7 Rxd5 32. Rxg7+ Kf8
33. Rcf7+ Ke8 34. Rxa7 Kf8 35. Ne3 Rd3 36. Nf5 Rd1+ 37. Kg2 Rd2+ 38. Kf3 Rd3+
39. Ke4 Rd8 40. Rxh7 Kg8 41. Rag7+ 1-0

[Event "Russian Championship B11 1st league 2016"]
[Site "Loo"]
[Date "2016.04.21"]
[Round "2.5"]
[White "Shinkarev, Artem"]
[Black "Gukhman, Sergey"]
[Result "0-1"]
[WhiteElo "1329"]
[BlackElo "1669"]
[PlyCount "84"]
[EventDate "2016.04.20"]

1. e4 e6 2. d4 d5 3. exd5 exd5 4. c4 c6 5. Nc3 Nf6 6. h3 h6 7. Nf3 Bd6 8. cxd5
cxd5 9. Be2 O-O 10. O-O Nc6 11. Be3 Re8 12. Re1 Bf5 13. a3 a6 14. Bd3 Be6 15.
Rc1 Rc8 16. Re2 Re7 17. Na4 Rec7 18. Rec2 Na5 19. Rxc7 Rxc7 20. b4 Nc4 21. Bxc4
dxc4 22. Nc3 Nd5 23. Nxd5 Bxd5 24. Rc3 Qf6 25. Nd2 Qg6 26. Nf3 b5 27. Bd2 Re7
28. Qf1 Re6 29. Kh1 Rf6 30. Qd1 Re6 31. Qf1 Rf6 32. Qd1 Bxf3 33. Rxf3 Rxf3 34.
gxf3 Qd3 35. Qe1 Qxf3+ 36. Kg1 Qxh3 37. Qe8+ Kh7 38. Qxf7 Bh2+ 39. Kh1 Bf4+ 40.
Kg1 Bxd2 41. d5 c3 42. d6 c2 0-1

[Event "Russian Championship B11 1st league 2016"]
[Site "Loo"]
[Date "2016.04.21"]
[Round "2.6"]
[White "Kolchin, Maxim"]
[Black "Fedotov, Daniil"]
[Result "1-0"]
[WhiteElo "1666"]
[BlackElo "1352"]
[PlyCount "57"]
[EventDate "2016.04.20"]

1. Nf3 Nc6 2. d4 d5 3. e3 Bf5 4. Bd3 Bg6 5. b3 Nf6 6. Bb2 e6 7. Nbd2 Bd6 8. O-O
Qd7 9. Ne5 Bxe5 10. dxe5 Ne4 11. f4 Nxd2 12. Qxd2 Bxd3 13. cxd3 O-O-O 14. d4
Kb8 15. a4 Rhe8 16. Ba3 b6 17. b4 Ne7 18. b5 Nf5 19. Rfb1 Rc8 20. a5 c6 21.
axb6 axb6 22. bxc6 Qxc6 23. Bc5 Rc7 24. Rxb6+ Qxb6 25. Bxb6 Rb7 26. Qa5 Rxb6
27. Qxb6+ Kc8 28. Ra8+ Kd7 29. Qb7# 1-0

[Event "Russian Championship B11 1st league 2016"]
[Site "Loo"]
[Date "2016.04.21"]
[Round "2.7"]
[White "Ermolaev, Ivan"]
[Black "Yonal, Timur"]
[Result "1-0"]
[WhiteElo "1632"]
[BlackElo "1325"]
[PlyCount "79"]
[EventDate "2016.04.20"]

1. e4 c5 2. d4 cxd4 3. c3 d6 4. cxd4 Nf6 5. Nc3 g6 6. Nf3 Bg7 7. Bc4 O-O 8. Bb3
Nc6 9. O-O Bg4 10. Be3 Nd7 11. Ne2 Bxf3 12. gxf3 Na5 13. Qd3 Nxb3 14. Qxb3 b6
15. Rac1 e6 16. Nf4 e5 17. Ne2 Kh8 18. dxe5 dxe5 19. Rfd1 f5 20. Qe6 f4 21.
Bxf4 exf4 22. Rxd7 Qg5+ 23. Qg4 Qxg4+ 24. fxg4 Bxb2 25. Rcc7 f3 26. Nd4 Bxd4
27. Rxd4 Rfd8 28. Rdd7 Rac8 29. Rxh7+ Kg8 30. Rhg7+ Kh8 31. Rgd7 Rxd7 32. Rxc8+
Kg7 33. h3 Rd1+ 34. Kh2 Rd2 35. Rc7+ Kf6 36. Rxa7 Rxf2+ 37. Kg3 Rg2+ 38. Kxf3
Rh2 39. Kg3 Re2 40. Ra6 1-0

[Event "Russian Championship B11 1st league 2016"]
[Site "Loo"]
[Date "2016.04.21"]
[Round "2.8"]
[White "Pavlov, Mark"]
[Black "Shelepnev, Artem"]
[Result "1-0"]
[WhiteElo "1624"]
[BlackElo "1317"]
[PlyCount "57"]
[EventDate "2016.04.20"]

1. c4 e5 2. Nc3 Nc6 3. g3 Nf6 4. Bg2 Bc5 5. d3 O-O 6. Nf3 d5 7. cxd5 Nxd5 8.
O-O Nf6 9. Ng5 h6 10. Nge4 Nxe4 11. Nxe4 Bb6 12. Nd2 f5 13. Nc4 Bc5 14. Be3
Bxe3 15. Nxe3 f4 16. Nc4 fxg3 17. hxg3 Be6 18. Rc1 Bd5 19. Bh3 Qg5 20. Bg2 Bxg2
21. Kxg2 Rf6 22. Nd2 Qg6 23. Ne4 Rf7 24. Qb3 Rb8 25. Rfe1 Kh8 26. Rxc6 Rxf2+
27. Kxf2 Qxc6 28. Qc3 Rf8+ 29. Kg2 1-0

[Event "Russian Championship B11 1st league 2016"]
[Site "Loo"]
[Date "2016.04.21"]
[Round "2.9"]
[White "Balayan, Eduard"]
[Black "Kuprin, Alexander"]
[Result "0-1"]
[WhiteElo "1304"]
[BlackElo "1609"]
[PlyCount "154"]
[EventDate "2016.04.20"]

1. e4 e6 2. d4 d5 3. exd5 exd5 4. Bd3 Bd6 5. c3 Nf6 6. h3 O-O 7. Ne2 c5 8. O-O
Nc6 9. Bg5 h6 10. Bh4 cxd4 11. Nxd4 Nxd4 12. cxd4 Be7 13. Nc3 Be6 14. Re1 Qb6
15. b3 Bb4 16. Na4 Qd8 17. Re3 Bd6 18. Rf3 g5 19. Bg3 Bxg3 20. fxg3 Ne4 21. Qe2
Re8 22. Re3 Qd6 23. Bxe4 dxe4 24. Rxe4 Bd7 25. Nc5 Bc6 26. Nxb7 Rxe4 27. Qxe4
Bxb7 28. Qxb7 Qxd4+ 29. Kh2 Re8 30. Rf1 Rf8 31. Qc6 Qg7 32. b4 h5 33. a4 h4 34.
gxh4 gxh4 35. Qf3 f5 36. a5 Rf6 37. b5 Qc7+ 38. Kh1 Qxa5 39. Qd5+ Rf7 40. Qc6
Qa2 41. Qg6+ Rg7 42. Qe8+ Kh7 43. Qh5+ Kg8 44. Rg1 Qf2 45. Qf3 Qxf3 46. gxf3
Rxg1+ 47. Kxg1 Kf7 48. Kf2 Ke6 49. Ke3 Ke5 50. Kd3 Kd5 51. f4 Kc5 52. Kc3 Kxb5
53. Kd4 a5 54. Ke5 a4 55. Kxf5 a3 56. Kg5 a2 57. Kxh4 a1=Q 58. Kg5 Qg7+ 59. Kf5
Qd7+ 60. Kg6 Qxh3 61. f5 Qh8 62. Kf7 Qh7+ 63. Ke6 Qg7 64. f6 Qf8 65. Kf5 Kc6
66. Ke6 Qe8+ 67. Kf5 Kd6 68. Kg5 Ke5 69. Kg4 Qg6+ 70. Kf3 Qxf6+ 71. Ke3 Qf4+
72. Kd3 Qe4+ 73. Kc3 Qd4+ 74. Kb3 Kd5 75. Ka3 Kc4 76. Ka2 Kc3 77. Kb1 Qd2 0-1

[Event "Russian Championship B11 1st league 2016"]
[Site "Loo"]
[Date "2016.04.21"]
[Round "2.10"]
[White "Astrakhanskiy, Andrey"]
[Black "Fridman, Roman A"]
[Result "0-1"]
[WhiteElo "1300"]
[BlackElo "1591"]
[PlyCount "104"]
[EventDate "2016.04.20"]

1. e4 e5 2. Nf3 Nc6 3. Bb5 a6 4. Ba4 d6 5. c3 g6 6. O-O Bg7 7. d3 Nf6 8. Be3
O-O 9. Nbd2 Ne8 10. Bb3 Kh8 11. Ng5 d5 12. Bxd5 Nd6 13. f4 f6 14. fxe5 Nxe5 15.
d4 Ng4 16. Bf4 fxg5 17. Bxd6 Qxd6 18. Rxf8+ Bxf8 19. Nf3 Ne3 20. Nxg5 Qf6 21.
Nf7+ Kg7 22. Bb3 Nxd1 23. Rxd1 Be6 24. Rf1 Kxf7 25. e5 Qxf1+ 26. Kxf1 Bxb3 27.
axb3 Ke6 28. Ke2 b5 29. Ke3 Kd5 30. Kd3 c5 31. c4+ bxc4+ 32. bxc4+ Ke6 33. b4
cxd4 34. Kxd4 Bxb4 35. c5 Bxc5+ 36. Kxc5 Kxe5 37. g4 a5 38. h4 Kf4 39. h5 g5
40. h6 Kxg4 41. Kd4 a4 42. Ke5 Kh5 43. Kf6 a3 44. Kg7 Ra7+ 45. Kf6 a2 46. Ke6
a1=Q 47. Kd5 Qc3 48. Ke4 Ra4+ 49. Kd5 Qc4+ 50. Kd6 Ra6+ 51. Ke5 Rb6 52. Kf5
Qf4# 0-1

[Event "Russian Championship B11 1st league 2016"]
[Site "Loo"]
[Date "2016.04.21"]
[Round "2.11"]
[White "Kochetov, Vyacheslav"]
[Black "Sokolov, Egor"]
[Result "1-0"]
[WhiteElo "1583"]
[BlackElo "1317"]
[PlyCount "87"]
[EventDate "2016.04.20"]

1. e4 e5 2. Nf3 Nc6 3. Bb5 a6 4. Bxc6 dxc6 5. O-O f6 6. d4 exd4 7. Nxd4 c5 8.
Nb3 Qxd1 9. Rxd1 Bd7 10. Bf4 O-O-O 11. Nc3 Re8 12. a4 Bc6 13. f3 g5 14. Bg3 g4
15. Na5 Bd7 16. Nd5 gxf3 17. gxf3 f5 18. Nxc7 Re7 19. Nd5 Rg7 20. Nb6+ Kd8 21.
Nxb7+ Ke8 22. Nxd7 f4 23. Ndxc5 Bxc5+ 24. Nxc5 fxg3 25. hxg3 Rxg3+ 26. Kf2 Rh3
27. Rh1 Rxh1 28. Rxh1 Nf6 29. Nxa6 Rf8 30. Ke3 Rh8 31. b4 h5 32. Rh4 Nd7 33.
Nc7+ Kf7 34. Nd5 Ne5 35. Nf4 Nc4+ 36. Ke2 Rb8 37. Nd3 Kg6 38. e5 Nb6 39. Nc5
Kg5 40. Rh1 Nc4 41. Ne4+ Kf4 42. Rh4+ Kxe5 43. Rxh5+ Kd4 44. c3# 1-0

[Event "Russian Championship B11 1st league 2016"]
[Site "Loo"]
[Date "2016.04.21"]
[Round "2.12"]
[White "Gromovoi, Kirill"]
[Black "Ivanov, Artem"]
[Result "0-1"]
[WhiteElo "1286"]
[BlackElo "1577"]
[PlyCount "86"]
[EventDate "2016.04.20"]

1. e4 e5 2. Nf3 Nc6 3. Nc3 Bb4 4. Nd5 Ba5 5. Bb5 d6 6. Bxc6+ bxc6 7. Ne3 Nf6 8.
Nc4 Bb6 9. d3 Be6 10. Nxb6 axb6 11. Bg5 h6 12. Bxf6 Qxf6 13. h3 Qg6 14. Rg1 f5
15. Nh4 Qf7 16. exf5 Bxf5 17. Qf3 Bd7 18. Qxf7+ Kxf7 19. Kd2 g5 20. Nf3 Ke7 21.
Rge1 Rhf8 22. d4 Bxh3 23. Nxe5 dxe5 24. gxh3 Rxf2+ 25. Kd1 Rf5 26. Kd2 Rd8 27.
Kc3 Rf3+ 28. Kd2 Rxd4+ 29. Ke2 Rxh3 30. Kf2 Rd2+ 31. Kg1 Kd6 32. Rad1 Rhh2 33.
a4 Ke6 34. b4 Rdg2+ 35. Kf1 Rxc2 36. Kg1 Rcd2 37. Rxd2 Rxd2 38. Ra1 Rd8 39. a5
Ra8 40. Kf2 bxa5 41. bxa5 c5 42. a6 Kd5 43. Ke3 h5 0-1

[Event "Russian Championship B11 1st league 2016"]
[Site "Loo"]
[Date "2016.04.21"]
[Round "2.13"]
[White "Khubukshanov, Erdem"]
[Black "Zhavoronkov, Danil P"]
[Result "1-0"]
[WhiteElo "1573"]
[BlackElo "1302"]
[PlyCount "69"]
[EventDate "2016.04.20"]

1. e4 c5 2. Nf3 d6 3. d4 cxd4 4. Nxd4 Nf6 5. Nc3 a6 6. h3 Nc6 7. Bg5 e6 8. Qd2
Bd7 9. O-O-O b5 10. f3 b4 11. Nce2 Rb8 12. Nxc6 Bxc6 13. Nd4 Bd7 14. Kb1 a5 15.
Bc4 Be7 16. Be3 Qc7 17. Qe2 O-O 18. g4 Rfc8 19. b3 a4 20. h4 e5 21. Nf5 Bxf5
22. exf5 Qc6 23. g5 Nd7 24. g6 h6 25. Bxf7+ Kf8 26. Qd2 Nf6 27. Bxh6 axb3 28.
cxb3 Qxf3 29. Be6 Qe4+ 30. Kb2 Rc3 31. Bg5 Ra8 32. Rh2 Ng4 33. Bxe7+ Kxe7 34.
Qxd6+ Kf6 35. Bd7# 1-0

[Event "Russian Championship B11 1st league 2016"]
[Site "Loo"]
[Date "2016.04.21"]
[Round "2.14"]
[White "Mochalov, Dmitriy"]
[Black "Dunaev, Artem"]
[Result "1/2-1/2"]
[WhiteElo "1558"]
[BlackElo "1299"]
[PlyCount "101"]
[EventDate "2016.04.20"]

1. e4 c5 2. Nf3 d6 3. d4 cxd4 4. Nxd4 Nf6 5. Nc3 a6 6. Be3 e6 7. f3 b5 8. a4 b4
9. Na2 Bb7 10. Qd2 a5 11. c3 bxc3 12. Nxc3 Nbd7 13. Bb5 Rc8 14. O-O Be7 15.
Rfd1 O-O 16. Nb3 Ne5 17. Qe2 d5 18. Bd4 Ng6 19. Qe3 e5 20. Bb6 Qd6 21. exd5
Nxd5 22. Nxd5 Bxd5 23. Bc5 Rxc5 24. Nxc5 Qxc5 25. Qxc5 Bxc5+ 26. Kh1 Ba8 27.
Rd7 Nf4 28. Rc1 Bd4 29. b3 Nh3 30. Rxd4 exd4 31. gxh3 Bxf3+ 32. Kg1 Rd8 33. Kf2
Be4 34. Rd1 Bc2 35. Rd2 Bxb3 36. Kf3 Be6 37. h4 Bf5 38. Kf4 g6 39. Ke5 d3 40.
Kf6 Kf8 41. Bc4 Rd7 42. h5 Re7 43. h4 Be6 44. Bxd3 Rd7 45. hxg6 hxg6 46. Rd1
Rd6 47. Ke5 Rd8 48. Kf6 Rd5 49. Bc2 Rxd1 50. Bxd1 Ke8 51. Bc2 1/2-1/2

[Event "Russian Championship B11 1st league 2016"]
[Site "Loo"]
[Date "2016.04.21"]
[Round "2.15"]
[White "Belov, Danila"]
[Black "Kopylov, Artem"]
[Result "0-1"]
[WhiteElo "1557"]
[BlackElo "1277"]
[PlyCount "94"]
[EventDate "2016.04.20"]

1. d4 d5 2. c4 e6 3. Nf3 c6 4. Nc3 Nf6 5. Bg5 Nbd7 6. e3 h6 7. Bh4 Bd6 8. Bd3
dxc4 9. Bxc4 b5 10. Bd3 a6 11. O-O O-O 12. Ne4 Be7 13. Nxf6+ Nxf6 14. Ne5 Bb7
15. Rc1 Rc8 16. Qf3 Nd5 17. Bxe7 Qxe7 18. Qe4 Nf6 19. Qf3 c5 20. Qg3 cxd4 21.
exd4 Qb4 22. Rxc8 Rxc8 23. Ng4 Nxg4 24. Qxg4 Qxb2 25. Qf4 Qxa2 26. h3 Qd5 27.
Qg4 Rc3 28. Bb1 Qc6 29. f3 Rc1 30. Be4 Rxf1+ 31. Kxf1 Qc4+ 32. Ke1 f5 33. Bxf5
exf5 34. Qxf5 Bc8 35. Qf4 b4 36. Kf2 b3 37. Qe3 Be6 38. Qf4 Qc2+ 39. Kg3 b2 40.
Qe5 Qg6+ 41. Kh2 b1=Q 42. d5 Bd7 43. d6 Qe6 44. Qg3 Qbg6 45. Qf4 Qxd6 46. g3
Qc2+ 47. Kh1 Qdd1# 0-1